[Event "Trois-Rivieres op"]
[Site "Trois-Rivieres CAN"]
[Date "2018.03.18"]
[Round "5.12"]
[White "Leger, Maxime"]
[Black "Chabot, Roland"]
[Result "1/2-1/2"]
[WhiteElo "2046"]
[BlackElo "2150"]
[PlyCount "51"]
[EventDate "2018.03.16"]
[EventType "swiss"]
[EventRounds "5"]
[EventCountry "CAN"]

1. g3 e5 2. Bg2 Nf6 3. c3 d6 4. d4 Nbd7 5. Nf3 Be7 6. O-O c6 7. a4 a5 8. dxe5
dxe5 9. Na3 Qc7 10. Nc4 O-O 11. Qb3 Nc5 12. Qc2 Ncd7 13. h3 Re8 14. e4 b5 15.
Ne3 bxa4 16. Rxa4 Nc5 17. Ra1 a4 18. Re1 Be6 19. Nd2 Nfd7 20. Bf1 Nb3 21. Nxb3
Bxb3 22. Qe2 Nc5 23. Qf3 Red8 24. Bc4 Bxc4 25. Nxc4 f6 26. Be3 1/2-1/2

[Event "Trois-Rivieres op"]
[Site "Trois-Rivieres CAN"]
[Date "2018.03.18"]
[Round "5.13"]
[White "Saha, Ananda"]
[Black "Libersan, Thierry"]
[Result "1/2-1/2"]
[WhiteElo "2149"]
[BlackElo "2058"]
[PlyCount "237"]
[EventDate "2018.03.16"]
[EventType "swiss"]
[EventRounds "5"]
[EventCountry "CAN"]

1. Nf3 Nf6 2. c4 g6 3. g3 Bg7 4. Bg2 d6 5. O-O O-O 6. d3 e5 7. Nc3 Nc6 8. Rb1
Ne8 9. b4 h6 10. Bd2 f5 11. b5 Ne7 12. Ne1 f4 13. e3 g5 14. Nd5 fxg3 15. Nxe7+
Qxe7 16. fxg3 Rxf1+ 17. Bxf1 Nf6 18. Bg2 e4 19. d4 Bg4 20. Qc2 Qf7 21. Rb2 Be2
22. Ba5 Bxc4 23. h3 d5 24. Qf2 Bf8 25. Qf5 Bd6 26. g4 Rf8 27. Bf1 Bxf1 28. Qxf1
Nd7 29. Qg2 Qf6 30. Rc2 b6 31. Bc3 Rf7 32. Re2 Nf8 33. Rf2 Qxf2+ 34. Qxf2 Rxf2
35. Kxf2 Kf7 36. a4 Ke6 37. Nc2 Nd7 38. Bb4 Nb8 39. Bc3 a6 40. bxa6 Nxa6 41.
Ke2 c6 42. Na1 Kd7 43. Nb3 Bb4 44. Bb2 Nc7 45. Kd1 Ne6 46. Kc2 Nf8 47. Bc3 Bxc3
48. Kxc3 Ng6 49. Nd2 Nh4 50. Nf1 Nf3 51. Ng3 Ng1 52. Nf5 Nxh3 53. Nxh6 Ng1 54.
Nf7 Nf3 55. Kb4 Ke7 56. Nh6 Nd2 57. Nf5+ Kd7 58. Kc3 Nc4 59. Kb4 Kc7 60. Kc3
Kb7 61. Kb4 Ka6 62. Kb3 Ka5 63. Ne7 Nxe3 64. Nxc6+ Ka6 65. Nb4+ Kb7 66. Kc3 Kc7
67. Kd2 Nc4+ 68. Kc3 Kd6 69. Nc2 Ke6 70. Kb4 Kd6 71. Kc3 Kc7 72. Nb4 Kd6 73.
Nc2 Ke7 74. Nb4 Ke6 75. Nc2 Kd7 76. Nb4 Ne3 77. Kd2 Nc4+ 78. Kc3 e3 79. Kd3 Kd6
80. Nc2 Nb2+ 81. Kxe3 Nxa4 82. Kd3 Nb2+ 83. Kc3 Nc4 84. Kb4 Kc6 85. Kc3 Kb5 86.
Kb3 Nd2+ 87. Kc3 Ne4+ 88. Kb3 Nf6 89. Ne3 Ka5 90. Ka3 b5 91. Kb3 b4 92. Nc2
Nxg4 93. Nxb4 Nf6 94. Nd3 Kb5 95. Ne1 Ne4 96. Ng2 g4 97. Kc2 Nf6 98. Kd3 Kc6
99. Ke3 Nh5 100. Kd3 Kd6 101. Ke3 Kc6 102. Kd3 Kb5 103. Kd2 g3 104. Ke3 Kc4
105. Kf3 Kxd4 106. Kg4 Ke4 107. Kxh5 Kf3 108. Ne1+ Ke2 109. Ng2 Kf2 110. Nf4
Kf3 111. Kg5 d4 112. Kf5 Ke3 113. Kg4 Kf2 114. Kh3 Kf3 115. Ng2 Kf2 116. Nf4 g2
117. Nxg2 d3 118. Nf4 d2 119. Nd3+ 1/2-1/2

[Event "Trois-Rivieres op"]
[Site "Trois-Rivieres CAN"]
[Date "2018.03.18"]
[Round "5.14"]
[White "Saine, Zachary"]
[Black "Zhong, Kevin"]
[Result "0-1"]
[WhiteElo "1990"]
[BlackElo "2083"]
[PlyCount "50"]
[EventDate "2018.03.16"]
[EventType "swiss"]
[EventRounds "5"]
[EventCountry "CAN"]

1. e4 c5 2. Nf3 Nc6 3. d4 cxd4 4. Nxd4 Nf6 5. Nc3 d6 6. f3 e5 7. Nb3 Be7 8. Be3
Be6 9. Qd2 O-O 10. O-O-O a5 11. Kb1 a4 12. Nc1 Rb8 13. g4 Na5 14. g5 Nh5 15.
Nd5 Bxd5 16. Qxd5 Qc7 17. Bd3 b5 18. Ne2 Nc4 19. Bxc4 bxc4 20. Nc3 a3 21. Bc1
Nf4 22. Bxf4 Rxb2+ 23. Kc1 exf4 24. h4 Qb6 25. Qd4 Rxc2+ 0-1

[Event "Trois-Rivieres op"]
[Site "Trois-Rivieres CAN"]
[Date "2018.03.18"]
[Round "5.15"]
[White "Wilkin, Alain"]
[Black "Fortier, Marc-Andre"]
[Result "1/2-1/2"]
[WhiteElo "1903"]
[BlackElo "2229"]
[PlyCount "79"]
[EventDate "2018.03.16"]
[EventType "swiss"]
[EventRounds "5"]
[EventCountry "CAN"]

1. c4 e5 2. Nc3 Nc6 3. g3 g6 4. Bg2 Bg7 5. d3 d6 6. e3 Be6 7. Nge2 Qd7 8. Nd5
Nd8 9. e4 c6 10. Ne3 Ne7 11. O-O O-O 12. f4 f5 13. Rb1 Nf7 14. b3 Rad8 15. Ba3
Rfe8 16. Nc2 d5 17. cxd5 cxd5 18. fxe5 dxe4 19. d4 Qc7 20. Nf4 Nd5 21. Nxd5
Rxd5 22. Ne3 Rdd8 23. Qc2 Qa5 24. Bb2 Rc8 25. Qf2 Bh6 26. Rfd1 Red8 27. Bf1
Qxa2 28. d5 Bxe3 29. Qxe3 Bxd5 30. e6 Qxb3 31. exf7+ Kxf7 32. Qh6 Rg8 33. Qxh7+
Ke6 34. Qh4 Qb6+ 35. Bd4 Qd8 36. Qf4 Qc7 37. Qg5 Qd8 38. Qf4 Qc7 39. Qg5 Qd8
40. Qf4 1/2-1/2

[Event "Trois-Rivieres op"]
[Site "Trois-Rivieres CAN"]
[Date "2018.03.18"]
[Round "5.16"]
[White "Durette, Francis"]
[Black "Turcotte, Jonathan"]
[Result "1-0"]
[WhiteElo "2128"]
[BlackElo "1953"]
[PlyCount "63"]
[EventDate "2018.03.16"]
[EventType "swiss"]
[EventRounds "5"]
[EventCountry "CAN"]

1. c4 c6 2. d4 d5 3. e3 Nf6 4. Nc3 e6 5. Nf3 Nbd7 6. Qc2 Bd6 7. b3 O-O 8. Bb2
b6 9. Bd3 Bb7 10. O-O Rc8 11. Rad1 Qe7 12. e4 dxe4 13. Nxe4 Nxe4 14. Bxe4 Nf6
15. Bd3 c5 16. dxc5 Bxc5 17. Bxf6 Qxf6 18. Bxh7+ Kh8 19. Be4 Bxe4 20. Qxe4 Rcd8
21. Qg4 g6 22. Qg5 Kg7 23. Qe5 Rh8 24. h3 a5 25. Qc7 Rhf8 26. Rfe1 Rh8 27. Qe5
Rhe8 28. g3 Rh8 29. Kg2 Rhe8 30. Qc7 Rh8 31. Rxd8 Rxd8 32. Rxe6 1-0

[Event "Trois-Rivieres op"]
[Site "Trois-Rivieres CAN"]
[Date "2018.03.18"]
[Round "5.17"]
[White "Tanaka, Tyler"]
[Black "Marcone, Malcom"]
[Result "1/2-1/2"]
[WhiteElo "2118"]
[BlackElo "2019"]
[PlyCount "73"]
[EventDate "2018.03.16"]
[EventType "swiss"]
[EventRounds "5"]
[EventCountry "CAN"]

1. e4 e6 2. d4 d5 3. e5 c5 4. c3 Nc6 5. Nf3 Bd7 6. a3 f6 7. Bd3 fxe5 8. Nxe5
Nxe5 9. dxe5 Qh4 10. O-O Nh6 11. Qe2 c4 12. Bc2 Bc5 13. Nd2 O-O 14. Nf3 Qh5 15.
h3 Nf5 16. Bxf5 Qxf5 17. Be3 b6 18. Bd4 Be8 19. Qe3 Rc8 20. Rae1 Be7 21. Nh2
Bg6 22. f4 Qd3 23. Qf2 Rf7 24. Re3 Qc2 25. Qxc2 Bxc2 26. g3 Rb8 27. Rf2 Be4 28.
Nf1 Rbf8 29. Re1 g5 30. fxg5 Bxg5 31. Nh2 h5 32. Rxf7 Rxf7 33. Be3 Bd8 34. g4
Bc7 35. Bd4 Rg7 36. Kf2 Rf7+ 37. Kg1 1/2-1/2

[Event "Trois-Rivieres op"]
[Site "Trois-Rivieres CAN"]
[Date "2018.03.18"]
[Round "5.18"]
[White "Johnson-Constantin, Matthieu"]
[Black "Mendoza, Armand Jess"]
[Result "1-0"]
[WhiteElo "2024"]
[BlackElo "1914"]
[PlyCount "107"]
[EventDate "2018.03.16"]
[EventType "swiss"]
[EventRounds "5"]
[EventCountry "CAN"]

1. e4 c5 2. Nf3 d6 3. Bb5+ Nc6 4. d4 cxd4 5. Qxd4 Qa5+ 6. Nc3 Qxb5 7. Nxb5 Nxd4
8. Nfxd4 Kd8 9. Be3 g6 10. O-O-O Bg7 11. Nb3 b6 12. Rhe1 Nf6 13. e5 Ng4 14.
exd6 e6 15. Bg5+ Kd7 16. f3 Ne5 17. Kb1 Nc4 18. c3 a6 19. Na3 Nxa3+ 20. bxa3
Bb7 21. Rd3 Rac8 22. Rc1 Rc6 23. Be3 Rhc8 24. c4 Rxc4 25. Rxc4 Rxc4 26. Bxb6
Bc8 27. Nc5+ Kc6 28. d7 Bxd7 29. Nxd7 Rh4 30. h3 Rh5 31. Bd4 Rb5+ 32. Kc2 e5
33. Bc3 f6 34. Bb4 f5 35. Rd6+ Kc7 36. Rxa6 Kb7 37. Ra5 Rxa5 38. Bxa5 Kc6 39.
Nb8+ Kb7 40. Bc3 Kxb8 41. f4 Bf8 42. Bxe5+ Kb7 43. Kd3 h6 44. Kc4 Kc6 45. a4
Bc5 46. Bd4 Bd6 47. Be3 Be7 48. a5 g5 49. g3 g4 50. h4 h5 51. a6 Bf6 52. a7 Kb7
53. Kd5 Bc3 54. Bf2 1-0

[Event "Trois-Rivieres op"]
[Site "Trois-Rivieres CAN"]
[Date "2018.03.18"]
[Round "5.19"]
[White "Bernatchez, Dan"]
[Black "Mahdjoubi, Abdelaziz"]
[Result "1-0"]
[WhiteElo "1905"]
[BlackElo "1854"]
[PlyCount "95"]
[EventDate "2018.03.16"]
[EventType "swiss"]
[EventRounds "5"]
[EventCountry "CAN"]

1. d4 Nf6 2. c4 e5 3. e3 e4 4. Nc3 Bb4 5. Nge2 d6 6. Qa4+ Nc6 7. d5 Bxc3+ 8.
Nxc3 Bd7 9. dxc6 bxc6 10. Qc2 Qe7 11. b3 c5 12. Bb2 c6 13. O-O-O Bf5 14. h3 h5
15. Be2 h4 16. Rd2 Rh6 17. Rhd1 Rd8 18. f3 Rg6 19. fxe4 Bxe4 20. Nxe4 Nxe4 21.
Bd3 f5 22. Bxe4 fxe4 23. Rf2 Re6 24. Rdf1 Qg5 25. Qc3 Re7 26. Qd2 Kd7 27. Rf5
Qg6 28. Qa5 Rc8 29. Qd2 Rd8 30. Qf2 Kc7 31. Qxh4 Red7 32. Qg4 Qxg4 33. hxg4 d5
34. Rf7 Kd6 35. Bxg7 Rxf7 36. Rxf7 Ke6 37. Rf6+ Ke7 38. Rxc6 Kf7 39. Bf6 Rg8
40. g5 d4 41. Rxc5 dxe3 42. Re5 Kg6 43. Rxe4 Kf5 44. Rxe3 Kf4 45. Kd2 a5 46.
Re2 Rf8 47. Kc3 Rf7 48. c5 1-0

[Event "Trois-Rivieres op"]
[Site "Trois-Rivieres CAN"]
[Date "2018.03.18"]
[Round "5.20"]
[White "Lafleche, Alain"]
[Black "Dube, Daniel"]
[Result "0-1"]
[WhiteElo "1691"]
[BlackElo "1871"]
[PlyCount "54"]
[EventDate "2018.03.16"]
[EventType "swiss"]
[EventRounds "5"]
[EventCountry "CAN"]

1. e4 c5 2. Nf3 d6 3. d4 cxd4 4. Nxd4 Nf6 5. Nc3 a6 6. f3 e5 7. Nb3 Be6 8. Be3
h5 9. Qd2 Nbd7 10. O-O-O Be7 11. Be2 b5 12. h3 h4 13. Bg5 b4 14. Nb1 a5 15. Bb5
a4 16. Na1 b3 17. axb3 axb3 18. Na3 d5 19. Bxd7+ Qxd7 20. Bxf6 Bxa3 21. Bxe5
Bd6 22. Qf4 Rxa1+ 23. Kd2 Rxd1+ 24. Rxd1 bxc2 25. Kxc2 Qc7+ 26. Kb1 Bxe5 27.
Qd2 O-O 0-1

[Event "Varennes op"]
[Site "Varennes CAN"]
[Date "2018.10.05"]
[Round "1.2"]
[White "Tremblay, Rejean"]
[Black "Gomez Garrido, Camilo Ernesto"]
[Result "0-1"]
[WhiteElo "2178"]
[BlackElo "2492"]
[PlyCount "64"]
[EventDate "2018.10.05"]
[EventType "swiss"]
[EventRounds "5"]
[EventCountry "CAN"]

1. d4 d5 2. c4 c6 3. Nf3 Nf6 4. Nc3 a6 5. e3 e6 6. Bd3 Nbd7 7. O-O dxc4 8. Bxc4
b5 9. Be2 Bb7 10. a4 b4 11. Nb1 c5 12. Nbd2 Be7 13. a5 O-O 14. Nc4 Rc8 15. Bd3
Qc7 16. Qe2 Ng4 17. g3 Rfd8 18. h3 Ngf6 19. Nfe5 cxd4 20. exd4 Nxe5 21. dxe5
Nd5 22. Kh2 Qc6 23. Rg1 Qc5 24. Ne3 Nc7 25. Ng2 Nb5 26. Ne1 Nd4 27. Qe3 Nb3 28.
Bxh7+ Kxh7 29. Qxb3 Qxf2+ 30. Ng2 Rc2 31. Be3 Qxg2+ 32. Rxg2 Rxg2+ 0-1

[Event "Varennes op"]
[Site "Varennes CAN"]
[Date "2018.10.05"]
[Round "1.3"]
[White "Sambuev, Bator"]
[Black "Dukic, Zachary"]
[Result "1-0"]
[WhiteElo "2497"]
[BlackElo "2135"]
[PlyCount "121"]
[EventDate "2018.10.05"]
[EventType "swiss"]
[EventRounds "5"]
[EventCountry "CAN"]

1. d4 Nf6 2. c4 g6 3. Nc3 Bg7 4. e4 d6 5. h3 O-O 6. Be3 e5 7. d5 a5 8. g4 Na6
9. Nge2 Nd7 10. Qd2 Ndc5 11. Ng3 Nb4 12. Be2 Bd7 13. h4 a4 14. h5 a3 15. b3 c6
16. hxg6 fxg6 17. Rd1 Qa5 18. Kf1 Nxa2 19. Nxa2 Qxd2 20. Bxd2 Nxb3 21. Kg2 Nd4
22. f3 cxd5 23. cxd5 Ba4 24. Rb1 Bb3 25. Nc1 a2 26. Ra1 Rfc8 27. Bd1 Bxd1 28.
Rxd1 Rc2 29. Nge2 Ra3 30. Nxd4 exd4 31. Kg3 d3 32. Rxa2 Raxa2 33. Nxa2 Rxa2 34.
Bf4 Ra6 35. Rxd3 b5 36. Rb3 Rb6 37. Be3 Rb7 38. g5 Kf7 39. Kf2 Ke7 40. Ke2 Kd7
41. Kd3 Ke7 42. Bd2 Ke8 43. Ra3 Bb2 44. Ra8+ Kd7 45. Ra2 Bg7 46. Bb4 Be5 47.
Ke3 Rc7 48. Ra5 Rc1 49. Bd2 Rb1 50. Ra7+ Kc8 51. f4 Rb3+ 52. Ke2 Bd4 53. Rxh7
b4 54. f5 gxf5 55. exf5 Rg3 56. f6 Rg2+ 57. Kd3 Be5 58. Rh8+ Kb7 59. f7 Bxh8
60. f8=Q Be5 61. Bxb4 1-0

[Event "Varennes op"]
[Site "Varennes CAN"]
[Date "2018.10.05"]
[Round "1.4"]
[White "Chabot, Roland"]
[Black "Miranda Mesa, Elier"]
[Result "0-1"]
[WhiteElo "2128"]
[BlackElo "2438"]
[PlyCount "64"]
[EventDate "2018.10.05"]
[EventType "swiss"]
[EventRounds "5"]
[EventCountry "CAN"]

1. d4 d5 2. c4 e6 3. Nc3 c6 4. e4 Bb4 5. Bd3 dxc4 6. Bxc4 Nf6 7. f3 O-O 8. Nge2
Nbd7 9. a3 Be7 10. O-O b5 11. Ba2 Bb7 12. Be3 a5 13. d5 exd5 14. exd5 cxd5 15.
Nxb5 Ba6 16. Ned4 Bc5 17. a4 Bxb5 18. axb5 Qb6 19. Bf2 Rfe8 20. Qa4 Nf8 21.
Rac1 Ne6 22. Nc6 Bxf2+ 23. Rxf2 Nc5 24. Qd4 Qxb5 25. Bxd5 Ne6 26. Bxe6 Rxe6 27.
Qc4 Re1+ 28. Rf1 Rxf1+ 29. Kxf1 Qxb2 30. Nxa5 g6 31. Nb3 Ra2 32. Ke1 Qf2+ 0-1

[Event "Varennes op"]
[Site "Varennes CAN"]
[Date "2018.10.05"]
[Round "1.5"]
[White "Vera, Reynaldo"]
[Black "Soudre, Nicolas"]
[Result "1-0"]
[WhiteElo "2417"]
[BlackElo "2249"]
[PlyCount "59"]
[EventDate "2018.10.05"]
[EventType "swiss"]
[EventRounds "5"]
[EventCountry "CAN"]

1. d4 e6 2. c4 Nf6 3. Nc3 Bb4 4. Qc2 O-O 5. Nf3 d5 6. cxd5 exd5 7. Bg5 g6 8. e3
Bf5 9. Qb3 c5 10. dxc5 Nc6 11. Be2 Be6 12. Nd4 Bxc5 13. Nxc6 bxc6 14. Qa4 Bd7
15. O-O Be7 16. Rfd1 Re8 17. Rac1 a5 18. Bf3 Rb8 19. Rd2 Rb4 20. Qd1 Qb8 21.
Bxf6 Bxf6 22. Bxd5 Bg4 23. Bf3 Bxf3 24. gxf3 Rxb2 25. Ne4 Bg7 26. Kg2 f5 27.
Nd6 Rxd2 28. Qxd2 Rd8 29. Rxc6 Qb5 30. Rc8 1-0

[Event "Varennes op"]
[Site "Varennes CAN"]
[Date "2018.10.05"]
[Round "1.7"]
[White "Perez Rodriguez, Luis Manuel"]
[Black "Tremblay, Alain"]
[Result "1-0"]
[WhiteElo "2427"]
[BlackElo "2109"]
[PlyCount "47"]
[EventDate "2018.10.05"]
[EventType "swiss"]
[EventRounds "5"]
[EventCountry "CAN"]

1. e4 e5 2. Nf3 Nc6 3. Bb5 Nf6 4. d4 exd4 5. O-O d5 6. Nxd4 Bd7 7. Bxc6 bxc6 8.
e5 Ne4 9. f3 Nc5 10. f4 Ne4 11. Nd2 Nxd2 12. Bxd2 c5 13. e6 cxd4 14. exd7+ Qxd7
15. Re1+ Kd8 16. c3 Rb8 17. cxd4 Bd6 18. Qh5 f5 19. Qf3 Rxb2 20. Bc3 Rb5 21.
Rac1 Re8 22. a4 Rb3 23. Qxd5 Rxe1+ 24. Rxe1 1-0

[Event "Varennes op"]
[Site "Varennes CAN"]
[Date "2018.10.05"]
[Round "1.8"]
[White "Durette, Francis"]
[Black "Diaz Hernandez, Heriberto"]
[Result "0-1"]
[WhiteElo "2076"]
[BlackElo "2353"]
[PlyCount "64"]
[EventDate "2018.10.05"]
[EventType "swiss"]
[EventRounds "5"]
[EventCountry "CAN"]

1. Nf3 d5 2. c4 c6 3. e3 Nf6 4. d4 Bf5 5. Nc3 e6 6. Be2 h6 7. O-O Nbd7 8. b3
Bd6 9. Bb2 O-O 10. Bd3 Bxd3 11. Qxd3 Bb4 12. Nd2 e5 13. a3 e4 14. Qe2 Bd6 15.
f3 exf3 16. Qxf3 Qa5 17. b4 Qc7 18. g3 dxc4 19. Nxc4 Nb6 20. Nxb6 Qxb6 21. Rab1
a5 22. Na4 Qb5 23. Nc5 axb4 24. axb4 Rae8 25. e4 Bxc5 26. dxc5 Nxe4 27. Qg4 f6
28. Bc1 Ng5 29. h4 Re4 30. Qf5 Qd3 31. Bxg5 Qxg3+ 32. Kh1 Re2 0-1

[Event "Varennes op"]
[Site "Varennes CAN"]
[Date "2018.10.05"]
[Round "1.11"]
[White "Leon Valdes, Jony Wilson"]
[Black "Tanaka, Tyler"]
[Result "0-1"]
[WhiteElo "2304"]
[BlackElo "2161"]
[PlyCount "86"]
[EventDate "2018.10.05"]
[EventType "swiss"]
[EventRounds "5"]
[EventCountry "CAN"]

1. d4 Nf6 2. c4 g6 3. f3 Bg7 4. e4 d6 5. Nc3 O-O 6. Be3 c5 7. d5 e6 8. Nge2
exd5 9. cxd5 a6 10. a4 Nbd7 11. Ng3 Re8 12. Be2 h5 13. O-O Ne5 14. Qd2 Qc7 15.
h3 c4 16. Rfc1 Rb8 17. a5 Qe7 18. Nh1 Nfd7 19. Na4 f5 20. Nf2 Nf6 21. Bxc4 fxe4
22. fxe4 Bd7 23. Bf1 Bxa4 24. Rxa4 Rbc8 25. Raa1 Nf7 26. Rxc8 Rxc8 27. Bd3 Ne5
28. Bf4 Nfd7 29. Be2 Nc5 30. Qe3 Nf7 31. Rb1 Re8 32. Bf3 Nd7 33. Qb3 Nc5 34.
Qc2 Bd4 35. b4 Nxe4 36. Rf1 Nxf2 37. Qxg6+ Kf8 38. Bxh5 Nxh3+ 39. Kh2 Nxf4 40.
Rxf4 Be5 41. g3 Bxf4 42. gxf4 Qh4+ 43. Kg2 Qxf4 0-1

[Event "Varennes op"]
[Site "Varennes CAN"]
[Date "2018.10.05"]
[Round "1.13"]
[White "Hirschberg, Valerian"]
[Black "Poulin, Maurice"]
[Result "1-0"]
[WhiteElo "2301"]
[BlackElo "2040"]
[PlyCount "111"]
[EventDate "2018.10.05"]
[EventType "swiss"]
[EventRounds "5"]
[EventCountry "CAN"]

1. Nf3 g6 2. d4 Bg7 3. g3 d6 4. Bg2 Nc6 5. c4 e5 6. dxe5 dxe5 7. Qxd8+ Nxd8 8.
Nc3 c6 9. O-O f6 10. Nd2 f5 11. e4 f4 12. c5 Ne6 13. Nc4 f3 14. Bxf3 Nxc5 15.
Be3 Ne6 16. Nd6+ Ke7 17. Nxc8+ Rxc8 18. Bxa7 Nf6 19. Be3 Nd4 20. Bxd4 exd4 21.
Ne2 Nd7 22. Bg4 Rcd8 23. Bxd7 Rxd7 24. Rfd1 d3 25. Nc3 Bxc3 26. bxc3 Ra8 27.
Rd2 Ra3 28. Rc1 c5 29. c4 Rd4 30. f3 Kd6 31. Kf2 Kc6 32. Ke3 b5 33. cxb5+ Kxb5
34. Rcd1 Kc4 35. f4 Rd8 36. h3 Rc3 37. e5 h5 38. a4 Kb3 39. Rxd3 Rcxd3+ 40.
Rxd3+ Rxd3+ 41. Kxd3 c4+ 42. Ke2 c3 43. e6 c2 44. e7 c1=Q 45. e8=Q Qc4+ 46. Kf2
Qc2+ 47. Qe2 Qc8 48. a5 Qxh3 49. Qf3+ Ka4 50. a6 Qd7 51. Qe3 Qc6 52. a7 Qc2+
53. Qe2 Qc5+ 54. Kg2 Qd5+ 55. Kh2 Kb4 56. Qb2+ 1-0

[Event "Varennes op"]
[Site "Varennes CAN"]
[Date "2018.10.05"]
[Round "1.17"]
[White "Morella Cabrera, Julio Antonio"]
[Black "Xu, Daniel"]
[Result "1-0"]
[WhiteElo "2247"]
[BlackElo "2108"]
[PlyCount "59"]
[EventDate "2018.10.05"]
[EventType "swiss"]
[EventRounds "5"]
[EventCountry "CAN"]

1. e4 c5 2. Nc3 d6 3. g3 g6 4. Bg2 Nc6 5. d3 Bg7 6. Bg5 h6 7. Be3 e6 8. Qc1
Nge7 9. Nge2 h5 10. h3 Nd4 11. O-O O-O 12. Qd2 Nec6 13. Nd1 Nxe2+ 14. Qxe2 Rb8
15. c3 b5 16. Qd2 b4 17. Bh6 Ba6 18. Bxg7 Kxg7 19. f4 Qd7 20. Ne3 f5 21. exf5
exf5 22. Bxc6 Qxc6 23. c4 Bb7 24. Kh2 Rfe8 25. Rae1 Kh7 26. Nd5 Kg7 27. b3 Rxe1
28. Rxe1 Re8 29. Qb2+ Kh6 30. Qf6 1-0

[Event "Varennes op"]
[Site "Varennes CAN"]
[Date "2018.10.05"]
[Round "1.18"]
[White "Qiao, Cindy"]
[Black "Masse, Hugues"]
[Result "0-1"]
[WhiteElo "1784"]
[BlackElo "2288"]
[PlyCount "78"]
[EventDate "2018.10.05"]
[EventType "swiss"]
[EventRounds "5"]
[EventCountry "CAN"]

1. e4 e5 2. Nf3 Nc6 3. Bc4 Bc5 4. c3 Nf6 5. d3 d6 6. Nbd2 O-O 7. O-O a5 8. Re1
Be6 9. Bb3 Re8 10. Nc4 b5 11. Ne3 a4 12. Bc2 Bd7 13. h3 Ba7 14. a3 Ne7 15. Nh4
Ng6 16. Nhf5 Nf4 17. Ng4 Bxf5 18. exf5 N6h5 19. Qf3 c5 20. Kh2 Qh4 21. Rh1 Nf6
22. Nxf6+ Qxf6 23. Bxf4 exf4 24. g4 fxg3+ 25. fxg3 d5 26. Rae1 Re5 27. Rxe5
Qxe5 28. Rf1 Re8 29. Bd1 Bb8 30. Rf2 Qe1 31. Rf1 Bxg3+ 32. Kh1 Qe5 33. c4 dxc4
34. dxc4 h5 35. cxb5 h4 36. Qg2 Qd4 37. b6 Rd8 38. b7 Qxd1 39. b8=Q Bxb8 0-1

[Event "Varennes op"]
[Site "Varennes CAN"]
[Date "2018.10.06"]
[Round "2.2"]
[White "Gomez Garrido, Camilo Ernesto"]
[Black "Hirschberg, Valerian"]
[Result "1-0"]
[WhiteElo "2492"]
[BlackElo "2277"]
[PlyCount "219"]
[EventDate "2018.10.05"]
[EventType "swiss"]
[EventRounds "5"]
[EventCountry "CAN"]

1. e4 c5 2. Nf3 Nc6 3. d4 cxd4 4. Nxd4 Nf6 5. Nc3 e5 6. Ndb5 d6 7. Bg5 a6 8.
Na3 b5 9. Nd5 Be7 10. Bxf6 Bxf6 11. c4 b4 12. Nc2 Rb8 13. b3 Bg5 14. g3 O-O 15.
Bg2 Be6 16. O-O Qa5 17. h4 Bh6 18. a3 bxa3 19. Rxa3 Qc5 20. Rxa6 Kh8 21. Na3
Bxd5 22. Qxd5 Nd4 23. Nb5 Nxb5 24. cxb5 Qxb5 25. Rxd6 Qxb3 26. Qxe5 Qb2 27. Qh5
Bd2 28. Rd1 g6 29. Qd5 Bb4 30. Rd7 Qf6 31. e5 Qb6 32. Rb1 Qe6 33. Qxe6 fxe6 34.
Bh3 Bc5 35. Rxb8 Rxb8 36. Bxe6 Rb2 37. Rf7 Re2 38. Kg2 Rxe5 39. Bg4 Re7 40.
Rf8+ Kg7 41. Rc8 Bd4 42. f4 Bf6 43. Bf3 Rd7 44. Be2 Ra7 45. Bc4 Be7 46. Rg8+
Kh6 47. g4 Bxh4 48. g5+ Bxg5 49. fxg5+ Kxg5 50. Rd8 Rc7 51. Rd5+ Kf6 52. Bd3
Re7 53. Kf3 Re5 54. Rd8 Re7 55. Kf4 Rc7 56. Be4 Re7 57. Bd5 Kg7 58. Rd6 Rc7 59.
Ke5 Re7+ 60. Be6 Ra7 61. Rd8 Ra5+ 62. Bd5 Ra7 63. Rb8 Re7+ 64. Kd6 Ra7 65. Ke6
Rc7 66. Ra8 Kh6 67. Kd6 Rc1 68. Ra7 Rd1 69. Rb7 Rd2 70. Ke6 Rf2 71. Ke5 Re2+
72. Kf6 Rf2+ 73. Ke7 Kg5 74. Kd6 h5 75. Ke5 h4 76. Be4 Kg4 77. Bxg6 h3 78. Be4
h2 79. Rg7+ Kh3 80. Bh1 Ra2 81. Bc6 Rf2 82. Bd5 Rd2 83. Bc6 Rf2 84. Kd4 Rf4+
85. Ke3 Rg4 86. Bd7 h1=Q 87. Rh7+ Kg3 88. Rxh1 Rb4 89. Rg1+ Kh4 90. Bf5 Kh5 91.
Be4 Kh6 92. Kf4 Rb5 93. Rg6+ Kh5 94. Re6 Rb4 95. Re7 Rb6 96. Ra7 Rd6 97. Ra1
Kh6 98. Bf5 Rd2 99. Ra7 Rf2+ 100. Ke5 Kg5 101. Rg7+ Kh4 102. Ke4 Rf1 103. Rg4+
Kh5 104. Ke5 Ra1 105. Rg3 Ra5+ 106. Kf4 Ra4+ 107. Be4 Kh6 108. Rg6+ Kh5 109.
Rb6 Rc4 110. Rb7 1-0

[Event "Varennes op"]
[Site "Varennes CAN"]
[Date "2018.10.06"]
[Round "2.4"]
[White "Miranda Mesa, Elier"]
[Black "Morella Cabrera, Julio Antonio"]
[Result "1-0"]
[WhiteElo "2438"]
[BlackElo "2211"]
[PlyCount "115"]
[EventDate "2018.10.05"]
[EventType "swiss"]
[EventRounds "5"]
[EventCountry "CAN"]

1. e4 c5 2. Nf3 g6 3. c4 Bg7 4. d4 cxd4 5. Nxd4 Qb6 6. Nb3 d6 7. Be2 Nc6 8. O-O
Nf6 9. Nc3 O-O 10. Be3 Qc7 11. Rc1 Be6 12. f3 b6 13. Nd5 Qb7 14. Qd2 Rfc8 15.
Bg5 Ne8 16. Rfd1 a5 17. a4 Bxd5 18. cxd5 Na7 19. Be3 Nf6 20. Nd4 Nd7 21. b4
axb4 22. Qxb4 Nc5 23. Rb1 Qd7 24. Nb5 Rcb8 25. Nxa7 Qxa7 26. Bb5 Qa5 27. Bc6
Bc3 28. Qxa5 Rxa5 29. Rdc1 Bf6 30. Rc4 Ra6 31. Bd2 Rd8 32. Kf1 g5 33. Ke2 Kg7
34. g3 h6 35. f4 Rf8 36. Kf3 Rd8 37. Kg4 Kg6 38. Kf3 h5 39. h3 Rh8 40. Be3 h4
41. Rg1 hxg3 42. Rxg3 Rh4 43. Kg2 Kh7 44. fxg5 Be5 45. Rf3 Kg7 46. Bf2 Rxe4 47.
Rxe4 Nxe4 48. Bb5 Ra8 49. Bxb6 Nxg5 50. Ra3 Rc8 51. Bc6 e6 52. a5 exd5 53. Bb7
Rc2+ 54. Kf1 Rb2 55. Bxd5 Ne6 56. Bxe6 fxe6 57. a6 Rxb6 58. a7 1-0

[Event "Varennes op"]
[Site "Varennes CAN"]
[Date "2018.10.06"]
[Round "2.5"]
[White "Tanaka, Tyler"]
[Black "Vera, Reynaldo"]
[Result "0-1"]
[WhiteElo "2161"]
[BlackElo "2417"]
[PlyCount "56"]
[EventDate "2018.10.05"]
[EventType "swiss"]
[EventRounds "5"]
[EventCountry "CAN"]

1. e4 c5 2. Nf3 e6 3. d4 cxd4 4. Nxd4 Nf6 5. Nc3 d6 6. Bg5 Be7 7. Qd3 a6 8. f4
b5 9. a3 Bb7 10. Be2 Nbd7 11. Bf3 Qb6 12. O-O-O Rb8 13. Bxf6 Nc5 14. Qe2 Bxf6
15. e5 dxe5 16. fxe5 Bg5+ 17. Kb1 b4 18. Ne4 Nxe4 19. Bxe4 bxa3 20. b3 O-O 21.
h4 Be7 22. Bd3 Qa5 23. Qe3 Rfc8 24. Ne2 Rc5 25. Qf4 Rxe5 26. h5 a2+ 27. Ka1 Bf6
28. c3 Rd8 0-1

[Event "Varennes op"]
[Site "Varennes CAN"]
[Date "2018.10.06"]
[Round "2.6"]
[White "Ruiz Sanchez, Orlen"]
[Black "Robichaud, Louis"]
[Result "1-0"]
[WhiteElo "2425"]
[BlackElo "2119"]
[PlyCount "53"]
[EventDate "2018.10.05"]
[EventType "swiss"]
[EventRounds "5"]
[EventCountry "CAN"]

1. e4 e5 2. Nc3 Nf6 3. d4 exd4 4. Qxd4 Nc6 5. Qd3 Be7 6. Bf4 d6 7. O-O-O O-O 8.
h4 Be6 9. Qd2 a6 10. f3 Nh5 11. Bh2 Bxh4 12. Nge2 Bg5 13. f4 Bh6 14. Bg1 Bg4
15. Be3 f5 16. exf5 Rxf5 17. g3 g6 18. Rh4 Bf3 19. Bh3 Rf8 20. Be6+ Kh8 21. Rf1
Bxe2 22. Nxe2 Bg7 23. f5 Nxg3 24. Bg5 Bf6 25. fxg6 Nxe2+ 26. Kb1 Kg7 27. Bxf6+
1-0

[Event "Varennes op"]
[Site "Varennes CAN"]
[Date "2018.10.06"]
[Round "2.7"]
[White "Langlois-Remillard, Alexis"]
[Black "Perez Rodriguez, Luis Manuel"]
[Result "1-0"]
[WhiteElo "1923"]
[BlackElo "2373"]
[PlyCount "73"]
[EventDate "2018.10.05"]
[EventType "swiss"]
[EventRounds "5"]
[EventCountry "CAN"]

1. b3 e5 2. Bb2 Nc6 3. e3 Nf6 4. Bb5 Bd6 5. Na3 Na5 6. Be2 a6 7. c4 O-O 8. Nf3
Re8 9. d4 Bb4+ 10. Kf1 exd4 11. Nxd4 d5 12. Nac2 Bf8 13. cxd5 Nxd5 14. Qd2 c5
15. Nf3 b5 16. Rd1 Bb7 17. h4 Qb6 18. e4 Nb4 19. Nxb4 cxb4 20. Ne5 Rad8 21. Nd7
Qe6 22. Rh3 Bxe4 23. Rg3 Nc6 24. Nxf8 Rxd2 25. Nxe6 Rxb2 26. Nxg7 Re5 27. Ne8+
Kf8 28. Nf6 Bxg2+ 29. Rxg2 Rbxe2 30. Nd7+ Ke7 31. Nxe5 Rxe5 32. Re1 Kf6 33.
Rxe5 Kxe5 34. Rg7 a5 35. Rxh7 a4 36. Rxf7 Nd4 37. h5 1-0